[Event "79th UKR-ch"]
[Site "Alushta UKR"]
[Date "2010.05.07"]
[Round "5"]
[White "Budnikov, Oleg"]
[WhiteElo "2391"]
[Black "Kovalenko, Igor"]
[BlackElo "2503"]
[Result "1-0"]
[EventDate "2010.05.02"]
[PlyCount "99"]

1. d4 d5 2. c4 c6 3. Nc3 dxc4 4. e4 e5 5. Nf3 exd4 6. Qxd4 Qxd4 7. Nxd4 Bc5 8.
Be3 Nf6 9. f3 b5 10. a4 b4 11. Nd1 c3 12. bxc3 O-O 13. cxb4 Bxb4+ 14. Kf2 Nfd7
15. a5 c5 16. Nc2 Ba6 17. Nxb4 cxb4 18. Nb2 Rc8 19. Bxa6 Nxa6 20. Rac1 Ndc5 21.
Rhd1 f6 22. Rd6 Kf7 23. Rd5 Ne6 24. Rd7+ Kg6 25. f4 Rxc1 26. f5+ Kh5 27. Bxc1
Nac5 28. fxe6 Nxd7 29. exd7 Rd8 30. Nd3 Rxd7 31. Nxb4 Rd4 32. Nd5 Rxe4 33. Kf3
Ra4 34. Bd2 Ra2 35. Ke2 Kg4 36. Ne7 h5 37. Nc6 h4 38. Nxa7 h3 39. g3 Ra1 40.
Be1 Ra2+ 41. Bd2 $11 41... Ra1 42. Be1 g5 43. Nc6 Kf5 44. Nd4+ Ke4 45. Nb3 Ra2+
46. Bd2 Ra3 47. Nc5+ Kd4 48. Nb7 Rxg3 49. a6 Ra3 50. Na5 1-0

[Event "79th UKR-ch"]
[Site "Alushta UKR"]
[Date "2010.05.07"]
[Round "5"]
[White "Kislinsky, Alexey"]
[WhiteElo "2472"]
[Black "Yastreb, Konstantin"]
[BlackElo "2209"]
[Result "1-0"]
[EventDate "2010.05.02"]
[PlyCount "55"]

1. e4 d6 2. f4 Nf6 3. e5 Nd5 4. d4 Bf5 5. Nf3 g6 6. Bc4 c6 7. O-O Bg7 8. Bb3
O-O 9. c4 Nb6 10. Be3 d5 11. c5 Nc4 12. Qe2 Nxe3 13. Qxe3 b6 14. Nc3 Nd7 15.
cxb6 Nxb6 16. Nh4 Bc8 17. f5 a5 18. Qg3 c5 19. fxg6 hxg6 20. Nxg6 cxd4 21. Nf4
Bf5 22. Ncxd5 Nxd5 23. Bxd5 Ra6 24. e6 Kh8 25. Qh4+ Bh7 26. Be4 f5 27. Ng6+ Kg8
28. Nxe7+ 1-0

[Event "79th UKR-ch"]
[Site "Alushta UKR"]
[Date "2010.05.07"]
[Round "5"]
[White "Kozel, Roman"]
[WhiteElo "2353"]
[Black "Stratulat, Sergey"]
[BlackElo "2236"]
[Result "1-0"]
[EventDate "2010.05.02"]
[PlyCount "69"]

1. e4 c5 2. Nf3 d6 3. c3 Nf6 4. Be2 Nc6 5. d4 cxd4 6. cxd4 Nxe4 7. d5 Qa5+ 8.
Nc3 Nxc3 9. bxc3 Ne5 10. Nxe5 dxe5 11. O-O g6 12. Rb1 a6 13. Be3 f5 14. c4 Kf7
15. Bb6 Qxa2 16. Bc7 Bg7 17. c5 Bd7 18. Re1 e4 19. Rxb7 Bc3 20. Rf1 Ba4 21. Qc1
Qxd5 22. Qxc3 Qxb7 23. Be5 Rhd8 24. Bc4+ e6 25. Qh3 h5 26. Qe3 Rh8 27. Ba1 Rh7
28. Qc3 Qe7 29. Rc1 Bc6 30. h4 a5 31. g3 g5 32. Qe5 Kg6 33. Bxe6 Rf8 34. Rd1
gxh4 35. Rd6 1-0

[Event "79th UKR-ch"]
[Site "Alushta UKR"]
[Date "2010.05.07"]
[Round "5"]
[White "Nikolaev, Leonid"]
[WhiteElo "2334"]
[Black "Tukhaev, Adam"]
[BlackElo "2534"]
[Result "0-1"]
[EventDate "2010.05.02"]
[PlyCount "66"]

1. Nf3 Nf6 2. g3 d5 3. c4 d4 4. Bg2 c5 5. O-O Nc6 6. d3 e6 7. e3 Be7 8. exd4
cxd4 9. a3 a5 10. b3 O-O 11. Bg5 Nd7 12. Bxe7 Qxe7 13. Nbd2 Nc5 14. Ne1 e5 15.
Ne4 Ne6 16. f3 f5 17. Nf2 Bd7 18. Nc2 Rab8 19. Re1 b5 20. f4 bxc4 21. bxc4 exf4
22. Rxe6 Bxe6 23. Bxc6 fxg3 24. hxg3 f4 25. Nxd4 fxg3 26. Ne4 Rb2 27. Qc1 Rff2
28. Ng5 Bg4 29. Bd5+ Kh8 30. Qe1 Rbe2 31. Nxe2 Qe3 32. Nc3 Re2+ 33. Kf1 Rxe1+
0-1

[Event "79th UKR-ch"]
[Site "Alushta UKR"]
[Date "2010.05.07"]
[Round "5"]
[White "Melnichuk, Mikhail"]
[WhiteElo "2303"]
[Black "Truskavetsky, Alexandr"]
[BlackElo "2386"]
[Result "1/2-1/2"]
[EventDate "2010.05.02"]
[PlyCount "29"]

1. d4 c5 2. d5 e5 3. e4 d6 4. Nc3 a6 5. a4 Be7 6. Nf3 Bg4 7. h3 Bxf3 8. Qxf3
Bg5 9. Bxg5 Qxg5 10. a5 Nd7 11. Bd3 h5 12. h4 Qh6 13. g3 Ne7 14. Nd1 O-O 15.
Ne3 $11 1/2-1/2

[Event "79th UKR-ch"]
[Site "Alushta UKR"]
[Date "2010.05.07"]
[Round "5"]
[White "Berezka, Alexandr"]
[WhiteElo "2145"]
[Black "Bortnyk, Olexandr"]
[BlackElo "2339"]
[Result "1/2-1/2"]
[EventDate "2010.05.02"]
[PlyCount "95"]

1. d4 d5 2. c4 Bf5 3. Nc3 e6 4. Nf3 Nc6 5. Bg5 Be7 6. Bxe7 Ngxe7 7. e3 O-O 8.
Be2 Re8 9. O-O h6 10. Rc1 a6 11. a3 Rb8 12. b4 Ng6 13. Qb3 dxc4 14. Qxc4 Qf6
15. Nd2 Nh4 16. Nce4 Qe7 17. Rfd1 Red8 18. g3 Bxe4 19. Nxe4 Nf5 20. Bf3 Qe8 21.
Qc2 Rdc8 22. Nc5 Nd6 23. Nxb7 Nxd4 24. Rxd4 Nxb7 25. Bc6 Qe7 26. Bd7 Rd8 27.
Qxc7 a5 28. Rcd1 e5 29. Re4 axb4 30. Rxe5 Qf6 31. axb4 Rbc8 32. Re8+ Rxe8 33.
Bxc8 Nd8 34. b5 Ne6 35. Qc6 Rf8 36. b6 Qb2 37. Bxe6 fxe6 38. Qxe6+ Kh8 39. Qd6
Qxf2+ 40. Kh1 Qf3+ 41. Kg1 Qxe3+ 42. Kh1 Rf6 43. Qd8+ Kh7 44. Qd3+ Qxd3 45.
Rxd3 Rxb6 46. Rd2 Kg6 47. Kg2 Kh5 48. Rc2 1/2-1/2

[Event "79th UKR-ch"]
[Site "Alushta UKR"]
[Date "2010.05.07"]
[Round "5"]
[White "Dolhopolov, Oleksandr"]
[WhiteElo "2283"]
[Black "Izhnin, A."]
[BlackElo "2360"]
[Result "0-1"]
[EventDate "2010.05.02"]
[PlyCount "72"]

1. Nf3 c5 2. c4 Nc6 3. Nc3 g6 4. e3 Bg7 5. d4 d6 6. Be2 Nf6 7. d5 Ne5 8. Nxe5
dxe5 9. e4 O-O 10. Be3 b6 11. O-O e6 12. a3 exd5 13. cxd5 Ne8 14. b4 cxb4 15.
axb4 Nd6 16. b5 f5 17. f3 f4 18. Bf2 g5 19. Na2 g4 20. Qe1 gxf3 21. gxf3 Bh3
22. Bh4 Bf6 23. Bxf6 Rxf6 24. Rf2 Rg6+ 25. Kh1 Qg5 26. Qg1 Qh4 27. Qe1 Qg5 28.
Qg1 Qh4 29. Qe1 Kh8 30. Bf1 Rag8 31. Bxh3 Qxh3 32. Qc3 Rg5 33. Qb2 Nxb5 34. Nb4
Nd4 35. Raf1 Nxf3 36. Qa1 Rg2 0-1

[Event "79th UKR-ch"]
[Site "Alushta UKR"]
[Date "2010.05.07"]
[Round "5"]
[White "Borsuk, Kostyantyn"]
[WhiteElo "2319"]
[Black "Polivanov, Anatoliy"]
[BlackElo "2381"]
[Result "0-1"]
[EventDate "2010.05.02"]
[PlyCount "46"]

1. d4 Nf6 2. c4 e6 3. Nc3 Bb4 4. Qc2 O-O 5. a3 Bxc3+ 6. Qxc3 b5 7. cxb5 c6 8.
bxc6 Nxc6 9. b4 Bb7 10. f3 Nd5 11. Qd2 Qh4+ 12. g3 Qxd4 13. Bb2 Qb6 14. e4 Ne3
15. Bd3 d5 16. exd5 exd5 17. b5 Rfe8 18. Be2 Nc4 19. Qc3 Nxb2 20. bxc6 d4 21.
Qd2 Bxc6 22. Rb1 Rab8 23. Kf1 Nc4 0-1

[Event "79th UKR-ch"]
[Site "Alushta UKR"]
[Date "2010.05.07"]
[Round "5"]
[White "Vypkhaniuk, Ihor"]
[WhiteElo "2276"]
[Black "Lomakin, Viktor"]
[BlackElo "2087"]
[Result "1-0"]
[EventDate "2010.05.02"]
[PlyCount "59"]

1. Nf3 c5 2. c4 Nf6 3. d4 cxd4 4. Nxd4 b6 5. Nc3 Bb7 6. f3 a6 7. e4 d6 8. Be2
e6 9. Be3 Qc7 10. O-O Be7 11. Rc1 O-O 12. b4 Nbd7 13. Qb3 Rac8 14. Rfd1 Qb8 15.
Kh1 Bd8 16. Bg1 h5 17. a4 h4 18. Qa2 Nh5 19. c5 d5 20. c6 Bxc6 21. Bxa6 Ba8 22.
Bxc8 Qxc8 23. exd5 exd5 24. Nxd5 Qb7 25. Nc6 Bg5 26. Nce7+ Bxe7 27. Rc7 Qb8 28.
Nxe7+ Kh8 29. Rdxd7 h3 30. Be3 1-0

[Event "79th UKR-ch"]
[Site "Alushta UKR"]
[Date "2010.05.07"]
[Round "5"]
[White "Rybakov, Serhii"]
[WhiteElo "2034"]
[Black "Omelia, Artem"]
[BlackElo "2231"]
[Result "0-1"]
[EventDate "2010.05.02"]
[PlyCount "82"]

1. d4 Nf6 2. c4 g6 3. Nc3 Bg7 4. e4 d6 5. f3 Nc6 6. Be3 a6 7. Qd2 Rb8 8. O-O-O
O-O 9. Bh6 e5 10. d5 Bxh6 11. Qxh6 Nd4 12. h4 c5 13. Nh3 Bxh3 14. Rxh3 Nh5 15.
g3 f5 16. Bd3 f4 17. gxf4 Rxf4 18. Rg1 Rxh4 19. Bf1 Qf6 20. f4 Rxh3 21. Bxh3
Qxf4+ 22. Qxf4 Nxf4 23. Bg4 Kg7 24. Kd2 h5 25. Bd1 Kf6 26. a3 g5 27. b4 b6 28.
Ke3 g4 29. Ne2 Nfxe2 30. Bxe2 Rf8 31. bxc5 bxc5 32. Rb1 Kg5 33. Rb7 g3 34. Rg7+
Kh4 35. Bd1 Rf1 36. Bxh5 Kxh5 37. Rxg3 Rf3+ 38. Rxf3 Nxf3 39. Kxf3 Kh4 40. a4
a5 41. Kf2 Kg4 0-1

[Event "79th UKR-ch"]
[Site "Alushta UKR"]
[Date "2010.05.07"]
[Round "5"]
[White "Zaichuk, Vitalii"]
[WhiteElo "2007"]
[Black "Stolpovskyi, Serhii"]
[BlackElo "2187"]
[Result "1/2-1/2"]
[EventDate "2010.05.02"]
[PlyCount "54"]

1. Nf3 Nf6 2. g3 g6 3. b3 Bg7 4. Bb2 O-O 5. Bg2 d5 6. O-O Bf5 7. c4 c6 8. d3
Nbd7 9. Nbd2 Re8 10. Qc2 Rc8 11. Rfe1 e5 12. e4 dxe4 13. Nxe4 Nxe4 14. dxe4 Bg4
15. h3 Bxf3 16. Bxf3 Nc5 17. Bg4 Rc7 18. Rad1 Qg5 19. Bc1 Qf6 20. h4 Qe7 21.
Be3 $11 21... b6 22. b4 Ne6 23. Bxe6 Qxe6 24. Kg2 h5 25. a4 Bf6 26. c5 bxc5 27.
Bxc5 27... Rd8 $11 1/2-1/2

[Event "79th UKR-ch"]
[Site "Alushta UKR"]
[Date "2010.05.07"]
[Round "5"]
[White "Troshchenko, Pavlo"]
[WhiteElo "2199"]
[Black "Avetisyan, Tyhran"]
[BlackElo "1959"]
[Result "1-0"]
[EventDate "2010.05.02"]
[PlyCount "87"]

1. g3 Nf6 2. Nf3 g6 3. c4 Bg7 4. Nc3 O-O 5. Bg2 d6 6. b4 e5 7. Rb1 a5 8. b5
Nbd7 9. O-O Nc5 10. d3 h6 11. Na4 Nxa4 12. Qxa4 Nd7 13. Nd2 f5 14. Nb3 Nb6 15.
Qa3 a4 16. c5 axb3 17. Qxb3+ Kh7 18. cxb6 cxb6 19. a4 Qe7 20. Bd5 f4 21. Ba3
Bg4 22. Rbe1 h5 23. Kg2 Qd7 24. Rh1 Bh3+ 25. Kg1 fxg3 26. hxg3 Qf5 27. Rh2 Bh6
28. Be4 Qf6 29. Bxb7 h4 30. Bf3 Be6 31. Qb4 hxg3 32. fxg3 Kg7 33. Bxa8 Be3+ 34.
Kh1 Qf1+ 35. Rxf1 Rxf1+ 36. Kg2 Rf2+ 37. Kg1 Rf4+ 38. Rf2 Rxf2 39. Qe4 Rf3+ 40.
Qxe3 Rxe3 41. Kf2 Rxe2+ 42. Kxe2 Bb3 43. a5 bxa5 44. b6 1-0

[Event "79th UKR-ch"]
[Site "Alushta UKR"]
[Date "2010.05.07"]
[Round "5"]
[White "Linker, Mikhail"]
[WhiteElo "2053"]
[Black "Belous, Mikhail"]
[BlackElo "1806"]
[Result "1/2-1/2"]
[EventDate "2010.05.02"]
[PlyCount "69"]

1. e4 c5 2. Nf3 d6 3. d4 cxd4 4. Nxd4 Nf6 5. Nc3 a6 6. Bg5 e6 7. f4 b5 8. Qf3
Bb7 9. Bd3 Be7 10. O-O-O Nbd7 11. g4 Qb6 12. Nce2 b4 13. h4 O-O 14. h5 a5 15.
Bh4 Nc5 16. Bxf6 Bxf6 17. g5 Be7 18. Rdg1 a4 19. f5 b3 20. f6 bxa2 21. Kd2 Qb4+
22. Ke3 a1=Q 23. Rxa1 Bd8 24. fxg7 Bxg5+ 25. Kf2 Kxg7 26. Rag1 h6 27. Rxg5+
hxg5 28. h6+ Kh7 29. Qf6 Rg8 30. Qxf7+ Kh8 31. Qf6+ Kh7 32. Nxe6 Nxe4+ 33.
Bxe4+ Qxe4 34. Qf7+ Kh8 35. Qf6+ $11 1/2-1/2

[Event "79th UKR-ch"]
[Site "Alushta UKR"]
[Date "2010.05.07"]
[Round "5"]
[White "Borzov, Dmytro"]
[WhiteElo "2173"]
[Black "Roshchupkin, Volodymyr"]
[BlackElo "1961"]
[Result "1-0"]
[EventDate "2010.05.02"]
[PlyCount "63"]

1. d4 Nf6 2. c4 e6 3. Nc3 Bb4 4. Qc2 c5 5. dxc5 O-O 6. Nf3 Na6 7. a3 Bxc3+ 8.
Qxc3 Nxc5 9. e3 b6 10. Be2 Bb7 11. b4 Nce4 12. Qb3 a5 13. Bb2 d5 14. O-O Qe7
15. Bd4 dxc4 16. Bxc4 Nd5 17. Rab1 axb4 18. axb4 Nd6 19. Bd3 Qd8 20. Rfc1 Nf5
21. Be5 f6 22. Bxf5 exf5 23. Bc7 Qd7 24. Bxb6 Kh8 25. Bc5 Rfd8 26. Ra1 Rac8 27.
Rd1 Qe8 28. Rd4 Qb5 29. Qd3 Qc6 30. Qxf5 Re8 31. Qd3 Nc7 32. Rd6 1-0

[Event "79th UKR-ch"]
[Site "Alushta UKR"]
[Date "2010.05.07"]
[Round "5"]
[White "Kalinina, Marianna"]
[WhiteElo "1979"]
[Black "Baranov, Yuriy"]
[BlackElo "2170"]
[Result "1-0"]
[EventDate "2010.05.02"]
[PlyCount "133"]

1. e4 c6 2. d4 d5 3. Nc3 dxe4 4. Nxe4 Bf5 5. Ng3 Bg6 6. h4 h6 7. h5 Bh7 8. Nf3
Nd7 9. Be3 e6 10. Bd3 Bxd3 11. Qxd3 Ngf6 12. O-O-O Be7 13. Ne5 O-O 14. f4 Nd5
15. Bd2 Nxe5 16. dxe5 b5 17. f5 Bg5 18. fxe6 fxe6 19. Qg6 Bxd2+ 20. Rxd2 Qe8
21. Qg4 Rf4 22. Qe2 Qe7 23. Ne4 Raf8 24. Re1 Kh8 25. g4 Qh4 26. Rg1 Rf3 27. g5
Qf4 28. gxh6 gxh6 29. Nc5 Rf1+ 30. Rxf1 Qxf1+ 31. Qxf1 Rxf1+ 32. Rd1 Rf5 33.
Nxe6 Rxe5 34. Nd8 Rxh5 35. Nxc6 a6 36. Nb8 a5 37. b3 b4 38. Kb2 Nc3 39. Rg1 Rg5
40. Rh1 Kg7 41. Nc6 h5 42. a3 Rc5 43. Nxa5 bxa3+ 44. Kxa3 Ne2 45. b4 Rg5 46.
Rh2 Nf4 47. c4 Kf6 48. Nb3 Rg2 49. Rh1 Rc2 50. c5 Kg5 51. b5 Nd3 52. c6 h4 53.
Rh3 Ne5 54. Nd4 Rc4 55. Kb3 Rc1 56. Rc3 Rxc3+ 57. Kxc3 h3 58. Ne2 h2 59. Ng3
Kf4 60. Nh1 Nxc6 61. bxc6 Kf3 62. c7 Kg2 63. c8=Q Kxh1 64. Kd2 Kg2 65. Qg4+ Kh1
66. Qf3+ Kg1 67. Ke2 1-0

[Event "79th UKR-ch"]
[Site "Alushta UKR"]
[Date "2010.05.07"]
[Round "5"]
[White "Kotyk, Vitalii"]
[WhiteElo "1817"]
[Black "Andrieiev, Volodymyr"]
[BlackElo "1999"]
[Result "1-0"]
[EventDate "2010.05.02"]
[PlyCount "147"]

1. d4 Nf6 2. Nc3 g6 3. Bg5 Bg7 4. Qd2 h6 5. Bf4 g5 6. Bg3 d6 7. O-O-O c6 8. h4
g4 9. h5 Qa5 10. e4 b5 11. e5 b4 12. exf6 bxc3 13. Qxc3 Qg5+ 14. Kb1 Bxf6 15.
Bc4 O-O 16. Ne2 Qg7 17. Qd2 Bg5 18. Bf4 Bxf4 19. Qxf4 Nd7 20. Ng3 Nf6 21. Rde1
d5 22. Bd3 Re8 23. Bf5 e6 24. Bd3 a5 25. Be2 Ba6 26. Bd1 c5 27. dxc5 Rab8 28.
c3 Nd7 29. Qxg4 Nxc5 30. Qxg7+ Kxg7 31. Bc2 a4 32. a3 Kf6 33. Rh4 Bd3 34. Rf4+
Kg7 35. Rg4+ Kf8 36. Re3 f5 37. Rg6 Be4 38. Nxe4 dxe4 39. f3 f4 40. Rf6+ Ke7
41. Rxf4 exf3 42. Rexf3 Rg8 43. g4 Rg5 44. Rc4 Nb3 45. Bxb3 axb3 46. Rff4 Rd8
47. Kc1 Re5 48. Rce4 Rf8 49. Kd2 Rxe4 50. Rxe4 Rf2+ 51. Re2 Rf4 52. Rg2 Kd6 53.
Ke3 e5 54. g5 hxg5 55. Rxg5 Rh4 56. Kd3 Rh2 57. h6 Rxh6 58. Kc4 e4 59. Rd5+ Ke6
60. Rd1 Ke5 61. Kxb3 e3 62. c4 Ke4 63. Kc3 e2 64. Re1 Ke3 65. c5 Rh5 66. b4 Rd5
67. c6 Rd3+ 68. Kc4 Rxa3 69. Kb5 Rc3 70. Kb6 Kf2 71. Rxe2+ Kxe2 72. Kb7 Kd3 73.
b5 Kc4 74. b6 1-0

[Event "79th UKR-ch"]
[Site "Alushta UKR"]
[Date "2010.05.07"]
[Round "5"]
[White "Dementiev, Oleg"]
[WhiteElo "1961"]
[Black "Tiba, Vladyslav"]
[BlackElo "2008"]
[Result "0-1"]
[EventDate "2010.05.02"]
[PlyCount "106"]

1. e4 c5 2. Nf3 g6 3. Nc3 Bg7 4. d4 cxd4 5. Nxd4 Nc6 6. Nb3 Nf6 7. Be2 d6 8.
Be3 O-O 9. f4 a5 10. a4 Nb4 11. Bf3 Be6 12. O-O Nd7 13. Rf2 Nb6 14. Bd4 Nxc2
15. Bxg7 Nxa1 16. Bxf8 Nxb3 17. Bh6 f6 18. Bg4 Bf7 19. f5 Nc5 20. h4 Nc4 21.
Bf4 Ne5 22. fxg6 hxg6 23. Bxe5 dxe5 24. Rd2 Qb6 25. Kh2 Bb3 26. Qe2 Kg7 27. Qb5
Qxb5 28. axb5 e6 29. Bd1 Bxd1 30. Rxd1 Kf7 31. g4 a4 32. b6 Ra6 33. h5 gxh5 34.
gxh5 Rxb6 35. Rg1 Rxb2+ 36. Kh1 Rb3 37. h6 Rxc3 38. Kh2 Rd3 39. Rg7+ Kf8 40.
Rc7 Rd2+ 41. Kh3 Kg8 42. Rxc5 Kh7 43. Kg4 Kxh6 44. Rb5 Rd4 45. Kf3 Rd3+ 46. Ke2
Rb3 47. Ra5 b5 48. Ra6 a3 49. Rxe6 Kg5 50. Kd2 b4 51. Kc2 Rb2+ 52. Kc1 Re2 53.
Kb1 b3 0-1

[Event "79th UKR-ch"]
[Site "Alushta UKR"]
[Date "2010.05.07"]
[Round "5"]
[White "Panakhova, Olena"]
[WhiteElo "2023"]
[Black "Kuchin, Pavel"]
[BlackElo "1994"]
[Result "0-1"]
[EventDate "2010.05.02"]
[PlyCount "88"]

1. e4 c5 2. Nf3 Nf6 3. Nc3 d6 4. d4 cxd4 5. Nxd4 Nbd7 6. Bc4 Qc7 7. Qe2 a6 8.
a4 e5 9. Nf5 Nb6 10. Ne3 Nxc4 11. Qxc4 Qc6 12. O-O Be6 13. Qd3 Rc8 14. Ncd5
Bxd5 15. exd5 Qc5 16. Rd1 Be7 17. Ra3 Qc7 18. c4 g6 19. Rc3 Qc5 20. Nc2 Ng4 21.
Qe2 f5 22. h3 Nf6 23. Ne1 O-O 24. Nd3 Qc7 25. Be3 Rfe8 26. f3 Bf8 27. Qc2 f4
28. Bc1 g5 29. Nf2 Qd7 30. b4 a5 31. Ba3 axb4 32. Bxb4 b6 33. a5 bxa5 34. Bxa5
e4 35. fxe4 Qa7 36. Bb4 Nxe4 37. Rf3 Ng3 38. Ra3 Qb6 39. Be1 Qc5 40. Ra5 Rxe1+
41. Rxe1 Qxa5 42. Rb1 Qc7 43. Ne4 Nxe4 44. Qxe4 Qe7 0-1

[Event "79th UKR-ch"]
[Site "Alushta UKR"]
[Date "2010.05.07"]
[Round "5"]
[White "Chernoukhov, Oleksandr"]
[WhiteElo "1837"]
[Black "Havrysh, Leonid"]
[BlackElo "2205"]
[Result "0-1"]
[EventDate "2010.05.02"]
[PlyCount "148"]

1. d4 Nf6 2. c4 c5 3. d5 b5 4. cxb5 a6 5. bxa6 g6 6. Nc3 Bxa6 7. g3 d6 8. Nf3
Bg7 9. Bg2 Nbd7 10. O-O Nb6 11. Re1 O-O 12. e4 Nfd7 13. Qc2 Nc4 14. Bf4 Qa5 15.
Rac1 Rfb8 16. b3 Na3 17. Qd2 c4 18. Na4 Bb5 19. Qxa5 Rxa5 20. Bd2 Raa8 21. Nc3
cxb3 22. axb3 Nc5 23. Nxb5 Nxb5 24. Bf1 Nxb3 25. Rb1 Na3 26. Rbd1 Nxd2 27. Nxd2
Nc2 28. Re2 Ra4 29. Kg2 Rbb4 30. f4 Bd4 31. Rc1 Ne3+ 32. Kh3 Rb2 33. Nc4 Rxc4
34. Rxc4 Nxc4 35. Rxb2 Nxb2 36. Bb5 Nd1 37. Kg2 f5 38. exf5 gxf5 39. Bd7 Kg7
40. Kf3 Kf6 41. h3 Nc3 42. Be6 h5 43. g4 hxg4+ 44. hxg4 fxg4+ 45. Kxg4 Nb5 46.
Bf5 Be3 47. Bd3 Nc7 48. Bc4 Bc1 49. Bb3 Na6 50. Ba2 Nb8 51. Bc4 Nd7 52. Kf3 Nf8
53. Ke4 Ng6 54. Ba6 Nxf4 55. Bc8 Ng6 56. Bh3 Ne5 57. Be6 Nf7 58. Bg4 Ng5+ 59.
Kd4 Bb2+ 60. Kc4 Ke5 61. Bd7 Ne4 62. Be6 Ng3 63. Bg8 Nf5 64. Kd3 Bd4 65. Bh7
Ne3 66. Kd2 Nxd5 67. Bb1 Nb4 68. Bg6 Kf4 69. Bh7 e5 70. Bg6 Bb2 71. Bh7 e4 72.
Bg8 d5 73. Be6 Kf3 74. Bf7 e3+ 0-1

[Event "79th UKR-ch"]
[Site "Alushta UKR"]
[Date "2010.05.08"]
[Round "6"]
[White "Kovalov, Dmitro"]
[WhiteElo "2107"]
[Black "Budnikov, Oleg"]
[BlackElo "2391"]
[Result "1/2-1/2"]
[EventDate "2010.05.02"]
[PlyCount "88"]

1. Nf3 Nf6 2. c4 e6 3. g3 d5 4. Bg2 dxc4 5. Na3 a6 6. Nxc4 b5 7. Nce5 Nd5 8. d4
Be7 9. O-O O-O 10. Bd2 Bb7 11. Rc1 Nb4 12. a3 N4c6 13. Bf4 Nxe5 14. Bxe5 Bd6
15. Qc2 Nc6 16. Rfd1 Na5 17. Qc3 Nc4 18. a4 Qe7 19. b3 Nb6 20. Bxd6 cxd6 21.
Qa5 Qd8 22. Nd2 22... Bxg2 $11 23. Kxg2 Nd5 24. Qxd8 Rfxd8 25. e4 Ne7 26. Rc7
Kf8 27. Rdc1 Rdc8 28. axb5 axb5 29. Kf3 Ke8 30. Rxc8+ Rxc8 31. Rxc8+ Nxc8 32.
d5 e5 33. Ke3 Kd7 34. f4 f6 35. Kd3 Kc7 36. Kc3 Kb6 37. Kb4 exf4 38. gxf4 f5
39. Kc3 fxe4 40. Nxe4 Ne7 41. Kd4 Nf5+ 42. Kc3 Ne7 43. Kd4 Nf5+ 44. Kc3 Ne7
1/2-1/2

[Event "79th UKR-ch"]
[Site "Alushta UKR"]
[Date "2010.05.08"]
[Round "6"]
[White "Matiushin, Gennady"]
[WhiteElo "2473"]
[Black "Yakymov, Volodymyr"]
[BlackElo "2476"]
[Result "1/2-1/2"]
[EventDate "2010.05.02"]
[PlyCount "110"]

1. d4 d5 2. Nf3 e6 3. c4 dxc4 4. e3 a6 5. Bxc4 b5 6. Bd3 Bb7 7. O-O Nf6 8. a3
8... c5 $11 9. dxc5 Bxc5 10. b4 Ba7 11. Bb2 Nbd7 12. Nbd2 O-O 13. Qb1 Qe7 14.
Ne4 h6 15. Nxf6+ Nxf6 16. Bxf6 Qxf6 17. Bh7+ Kh8 18. Be4 Qe7 19. a4 Bxe4 20.
Qxe4 f5 21. Qh4 Qxh4 22. Nxh4 Kh7 23. axb5 axb5 24. Ra5 f4 25. e4 Bb6 26. Rxb5
Rfb8 27. Kh1 $11 27... Bd8 28. Rxb8 Rxb8 29. g3 Rxb4 30. f3 Bxh4 31. gxh4 Rb2
32. Rc1 Kg6 33. Rg1+ Kf6 34. Rg4 e5 35. Kg1 g6 36. h5 gxh5 37. Rg8 h4 38. h3
Rb7 39. Kf1 Ra7 40. Rf8+ Ke7 41. Rf5 Kd6 42. Rf8 Ra2 43. Kg1 Kc5 44. Rd8 Kb4
45. Rd5 Ra5 46. Rd8 Kc4 47. Kf2 Ra2+ 48. Kg1 Rb2 49. Rd5 Rb5 50. Rd8 Rb7 51.
Kf2 Rb2+ 52. Kg1 Rb3 53. Kf2 Rd3 54. Rc8+ Kd4 55. Rd8+ Kc4 1/2-1/2

[Event "79th UKR-ch"]
[Site "Alushta UKR"]
[Date "2010.05.08"]
[Round "6"]
[White "Tukhaev, Adam"]
[WhiteElo "2534"]
[Black "Syvuk, Vitalii"]
[BlackElo "2436"]
[Result "1/2-1/2"]
[EventDate "2010.05.02"]
[PlyCount "97"]

1. e4 e5 2. Nf3 Nc6 3. d4 exd4 4. Nxd4 Bb4+ 5. c3 Bc5 6. Be3 Bb6 7. Qa4 Nf6 8.
Nf5 Bxe3 9. Nxe3 O-O 10. Nd2 d6 11. Be2 Re8 12. O-O Bd7 13. Qc2 Ne5 14. f4 Ng6
15. Rae1 a5 16. c4 Bc6 17. Bd3 Nd7 18. Nd5 Nc5 19. g3 Qb8 20. Be2 Nf8 21. b3
Qa7 22. Kg2 Nce6 23. Qc3 Nd7 24. Nf3 Qc5 25. a4 Rac8 26. Bd3 b6 27. Bc2 Bb7 28.
Qd3 Nef8 29. Nd4 c6 30. Ne3 Nf6 31. Nef5 Rcd8 32. Nf3 Bc8 33. N5d4 Bg4 34. h3
Bxf3+ 35. Nxf3 Rd7 36. Re2 Ne6 37. Rd1 Qb4 38. Qe3 Qc5 39. Qxc5 Nxc5 40. Nd4
Ncxe4 41. Nxc6 Nc5 42. Rxe8+ Nxe8 43. Kf3 Kf8 44. g4 h6 45. h4 Nc7 46. g5 d5
47. Ne5 Rd6 48. cxd5 Rxd5 49. Nc4 $11 1/2-1/2

[Event "79th UKR-ch"]
[Site "Alushta UKR"]
[Date "2010.05.08"]
[Round "6"]
[White "Izhnin, A."]
[WhiteElo "2360"]
[Black "Melnichuk, Mikhail"]
[BlackElo "2303"]
[Result "1/2-1/2"]
[EventDate "2010.05.02"]
[PlyCount "107"]

1. e4 e5 2. Nf3 Nf6 3. Nc3 Nc6 4. d4 Bb4 5. Nxe5 Qe7 6. Nxc6 Qxe4+ 7. Qe2 dxc6
8. Bd2 Bxc3 9. Bxc3 Bf5 10. O-O-O O-O-O 11. Qxe4 Nxe4 12. Be1 Rhe8 13. f3 Nf6
14. Bh4 Rd6 15. Bg3 Rde6 16. Bc4 Nd5 17. Rhe1 a5 18. a4 Kd7 19. Kd2 f6 20. c3
Re3 21. Bf2 Nb6 22. Bb3 Rd3+ 23. Kc1 Rxd1+ 24. Kxd1 Rxe1+ 25. Kxe1 Bd3 26. Be3
Nc4 27. Bc1 b5 28. Bd1 Nb6 29. b3 bxa4 30. bxa4 Nc4 31. h4 c5 32. dxc5 Kc6 33.
Bf4 Nb2 34. Bb3 Bc4 35. Bc2 Nd3+ 36. Bxd3 Bxd3 37. c4 Kxc5 38. Bxc7 Kb4 39. c5
Kxa4 40. Kd2 Bf1 41. g3 Kb5 42. Kc3 Be2 43. f4 a4 44. Bd6 g6 45. Be7 f5 46. Bd6
Bc4 47. Kb2 Bd5 48. Ka3 Bc6 49. Be7 Kc4 50. Bf8 Bd7 51. Be7 Kd4 52. Kb4 Ke4 53.
h5 gxh5 54. Bf6 1/2-1/2

[Event "79th UKR-ch"]
[Site "Alushta UKR"]
[Date "2010.05.08"]
[Round "6"]
[White "Polivanov, Anatoliy"]
[WhiteElo "2381"]
[Black "Shankovskyi, Andrii"]
[BlackElo "2303"]
[Result "1-0"]
[EventDate "2010.05.02"]
[PlyCount "103"]

1. e4 e5 2. Nf3 Nc6 3. Bc4 Bc5 4. b4 Bxb4 5. c3 Bd6 6. d4 Nf6 7. O-O O-O 8.
Nbd2 h6 9. Re1 Re8 10. Qb3 Qe7 11. Bd3 Na5 12. Qa4 b6 13. Nf1 Nh5 14. Ne3 exd4
15. Nf5 Qf8 16. e5 Bc5 17. cxd4 Bb4 18. Re4 d5 19. Nxh6+ gxh6 20. Rh4 Ng7 21.
Bxh6 Be7 22. Ng5 Bxg5 23. Bxg5 Bf5 24. Qc2 Bg6 25. Bf6 Re7 26. Bxg6 fxg6 27.
Qxg6 Qf7 28. Qh7+ Kf8 29. Qh8+ Qg8 30. Qxg8+ Kxg8 31. Bxe7 Nf5 32. Rg4+ Kf7 33.
Bf6 c5 34. dxc5 bxc5 35. Ra4 Nc6 36. h4 c4 37. h5 c3 38. Rc1 d4 39. g4 Rg8 40.
g5 a5 41. Rc4 Nb4 42. h6 Kg6 43. Rc7 Nd5 44. h7 Rh8 45. Rd7 Nxf6 46. gxf6 Rxh7
47. Rxh7 Kxh7 48. Kf1 Kg6 49. Ke2 Nh4 50. Kd3 Kf5 51. f7 Ng6 52. Kxd4 1-0

[Event "79th UKR-ch"]
[Site "Alushta UKR"]
[Date "2010.05.08"]
[Round "6"]
[White "Bortnyk, Olexandr"]
[WhiteElo "2339"]
[Black "Troshchenko, Pavlo"]
[BlackElo "2199"]
[Result "1-0"]
[EventDate "2010.05.02"]
[PlyCount "81"]

1. e4 e5 2. Nf3 Nc6 3. Bb5 a6 4. Ba4 Nf6 5. d4 exd4 6. O-O Be7 7. e5 Ne4 8.
Nxd4 Nc5 9. Nf5 O-O 10. Qg4 g6 11. Nh6+ Kh8 12. Bxc6 dxc6 13. Qg3 f6 14. exf6
Bd6 15. Qe3 Qxf6 16. Bd2 Na4 17. b3 Bf4 18. Qxf4 Qxf4 19. Bxf4 Rxf4 20. g3 Rf8
21. bxa4 Kg7 22. Re1 Kxh6 23. Re7 Bh3 24. Nc3 Rad8 25. Rae1 Rd2 26. Ne4 Rd7 27.
Rxd7 Bxd7 28. Nc5 Bf5 29. Re7 Bxc2 30. Ne6 Rf3 31. h4 g5 32. Nxg5 Ra3 33. Rxc7
Rxa4 34. Rxb7 a5 35. Rc7 Rc4 36. Nf7+ Kh5 37. Ne5 Ra4 38. Rxc6 Rxa2 39. f3 a4
40. Ng4 Bg6 41. Rc5+ 1-0

[Event "79th UKR-ch"]
[Site "Alushta UKR"]
[Date "2010.05.08"]
[Round "6"]
[White "Stratulat, Sergey"]
[WhiteElo "2236"]
[Black "Berezka, Alexandr"]
[BlackElo "2145"]
[Result "1-0"]
[EventDate "2010.05.02"]
[PlyCount "47"]

1. e4 c5 2. f4 d5 3. exd5 Qxd5 4. Nc3 Qd8 5. Nf3 Nf6 6. Ne5 e6 7. Qf3 a6 8. b3
Qc7 9. Bb2 Nbd7 10. Ne4 Nxe4 11. Qxe4 Nf6 12. Qf3 Ra7 13. O-O-O b5 14. Rg1 Bb7
15. Qh3 Ne4 16. Re1 Be7 17. g4 Ra8 18. g5 Qa5 19. Bg2 Qxd2+ 20. Kb1 Qxf4 21.
Bxe4 Bxe4 22. Rgf1 Qxf1 23. Qxf1 Bg6 24. Nxg6 1-0